Ends in 'CLE' Quiz Stats

Quiz Updated Feb 16, 2012

Also try: Ends in 'TA'
Challenge
Share
Tweet
Embed
Score 0/22 Timer 06:00
7 Plays Today
Clue Word % Correct
Lance Armstrong has onebicycle
89.9%
Your current internet destinationsporcle
86.7%
Related male family memberuncle
86.4%
What you should do with paper, plastic or glassrecycle
85.2%
Bland, cold and dripping on a warm winter dayicicle
72.7%
Has an area of π(pi)r2circle
69.8%
Likes to hang out on whales or oystersbarnacle
68.1%
Item in the news, or just 'the'article
68.1%
Sweet, cold and dripping on a hot summer daypopsicle
65.8%
Squid have two, and snails have two setstentacle
63.9%
Large muscle chamber, such as in the heartventricle
63.3%
Clue Word % Correct
Mr. Peanut has onemonocle
63.2%
Famously accelerated at the Large Hadron Colliderparticle
54%
For trash or movie returnsreceptacle
49.3%
The Mormons have a choir like thistabernacle
47.4%
A dozen juggling pandas, maybespectacle
46.4%
These happen often in the Bible, or perhaps on icemiracle
46%
It gets in the way of successobstacle
46%
Architectural spire or lofty peakpinnacle
32.4%
Epic story spanning multiple tomeschronicle
26.4%
A molasses-like syruptreacle
25.1%
Pus-filled skin abscess or red gemstone, such as garnetcarbuncle
13.8%

You're not logged in!

Compare scores with friends on all Sporcle quizzes.
Sign Up with Email
OR
Log In

You Might Also Like...

Show Comments

Extras

Top Quizzes Today


Score Distribution

Your Account Isn't Verified!

In order to create a playlist on Sporcle, you need to verify the email address you used during registration. Go to your Sporcle Settings to finish the process.